Представление документа в формате RUSMARC

ПолеНазваниеЗначение
  Тип записи a
  Библиографический уровень c
001 Контрольный номер RU/SLIB/B/233665148
005 Дата корректировки 20240307114840.7
010 Индекс ISBN __
d Цена 60-00
101 Язык документа 0_
a Язык текста rus
c Язык оригинала rus
200 Заглавие и сведения об ответственности 0_
a Заглавие Поднятая целина ; Судьба человека
f Первые сведения об ответственности М. А. Шолохов ; вступ. ст. Л. Якименко
b Общее обозначение материала Текст
210 Выходные данные 1_
a Место издания М.
c Издательство Худож. лит.
d Дата издания 1978
215 Физическое описание __
a Объем 654 с.
225 Серия 2_
a Серия Библиотека классики. Советская литература
327 Примечание о содержании 0_
a Примечание о содержании Судьба человека
330 Аннотация __
a Аннотация Роман об эпохе коллективизации, крушение старых и рождение новых форм жизни. Рассказ о величии силе и красоте русской души обыкновенного русского солдата.
606 Тематические рубрики __
a Основная рубрика Художественная литература
z Хронологическая подрубрика 20 в.
y Географическая подрубрика Россия
606 Тематические рубрики __
a Основная рубрика Русская литература XX в. (произведения)
610 Ключевые слова 0_
a Ключевые слова проза; романы; рассказы; тема коллективизации; тема человека; тема нравственности; советская литература
686 Индексы других классификаций __
a Классификационный индекс 84(2Рос=Рус)6-4
700 Автор _1
a Фамилия Шолохов
b Имя М. А.
4 Код отношения 070
702 Вторичная интеллектуальная ответственность _1
a Фамилия Якименко
b Имя Л.
4 Код отношения Автор предисловия и т.д.
4 Код отношения 080
4 Код отношения 080
801 Источник записи _0
a Страна RU
b Организация Муниципальное бюджетное учреждение культуры "Централизованная библиотечная система" г. Сургут (Центральная городская библиотека им. А. С. Пушкина)
g Правила каталогизации КиК/Елгина
801 Источник записи _1
a Страна RU
b Организация Муниципальное бюджетное учреждение культуры "Централизованная библиотечная система" г. Сургут (Центральная городская библиотека им. А. С. Пушкина)
g Правила каталогизации КиК/Елгина
852 Данные о местонахождении __
j Шифр хранения 84(2Рос=Рус)6-4
c Каталожный индекс 84(2Рос=Рус)6-4
i Авторский знак Ш 78
901 Тип документа __
t Тип документа x
903 Характеристики (МАРС) __
a Дата передачи 20070529
969 Тип издания __
a Тип издания сборник
990 Данные о заказе (DOS) __
j Количество экземпляров (DOS) 1
t N записи в КСУ для И/У (DOS) 200706